000 00658nam a2200229 a 4500
008
020 _a0534004296
049 _aMAIN
090 _aHB171.5
100 1 _aCanterbery, E. Ray
245 1 4 _aThe making of economics /
_cE. Ray Canterbery.
260 _aBelmont, Calif. :
_bWadsworth Pub. Co.,
_cc1976.
300 _axii, 275 p. :
_bill. ;
_c24 cm.
504 _aIncludes bibliographical references.
500 _aIncludes index.
650 0 _aEconomics
_xHistory.
907 _a.b10036520
_b26-06-03
_c17-04-03
003
005 20230123133200.0
040 _cNUST
942 _cBOOKS
_kHB171.5
999 _c144150
_d144150